000 00628nam a2200253Ia 4500
001 9478
005 20240113234210.0
007 ta
008 050726s1950 a g b000 u asm u
020 _cHB
040 _aCotton College,Assam
041 _aasm
082 _a891.41182
_bB 234 M
100 _aBarua, H. .
245 0 _aMalas Aru Chakulo /
_cH. Barua.
_hTextual Documents
250 _a1st ed. /
260 _aGuwahati :
_bBook Land ,
_c1950.
300 _a184p. :
_bill. ;
_c13cm .
653 _aAssamese Poetry
653 _aMS-Assamese
942 _2ddc
_cBK
999 _c9465
_d9465